Estatísticas para Animações da Disney

Clique aqui para jogar o quiz

Estatísticas Gerais

  • Esse quiz foi jogado 1 270 vezes
    (1 192 desde o último reset)
  • A pontuação média é 20 de 57

Estatísticas das Respostas

AnoFilme% Correto
1950Cinderela
87%
2013Frozen - Uma Aventura Congelante
82%
1991A Bela e a Fera
77%
1959A Bela Adormecida
76%
1989A Pequena Sereia
71%
2016Moana: Um Mar de Aventuras
68%
2010Enrolados
67%
2009A Princesa e o Sapo
65%
1998Mulan
65%
1937Branca de Neve e os Sete Anões
63%
1994O Rei Leão
63%
1995Pocahontas
57%
1961101 Dálmatas
52%
1992Aladdin
51%
2012Detona Ralph
47%
1940Pinóquio
47%
1953Peter Pan
44%
1942Bambi
43%
1955A Dama e o Vagabundo
42%
1941Dumbo
42%
1967Mogli - O Menino Lobo
42%
1997Hércules
41%
1999Tarzan
41%
1940Fantasia
40%
1951Alice no País das Maravilhas
35%
1996O Corcunda de Notre Dame
32%
2000A Nova Onda do Imperador
29%
2016Zootopia - Essa Cidade é o Bicho
28%
1977Bernardo e Bianca
27%
1990Bernardo e Bianca na Terra dos Cangurus
27%
1970Aristogatas
26%
2002Lilo & Stitch
26%
1973Robin Hood
25%
2001Atlantis - O Reino Perdido
24%
1963A Espada Era a Lei
21%
2003Irmão Urso
21%
1981O Cão e a Raposa
21%
2011Winnie the Pooh
21%
2019WiFi-Ralph
20%
2008Bolt - Supercão
19%
2014Operação Big Hero
19%
1999Fantasia 2000
18%
2004Nem que a Vaca Tussa
16%
2002Planeta do Tesouro
16%
1985O Caldeirão Mágico
15%
1944Você já foi à Bahia?
15%
2007A Família do Futuro
14%
2000Dinossauro
14%
2005O Galinho Chicken Little
14%
1942Alô, amigos
11%
1986As Peripécias do Ratinho Detetive
10%
1988Oliver e sua Turma
10%
1946Música, Maestro!
6%
1948Tempo de Melodia
5%
1949As Aventuras de Ichabod e Sr. Sapo
4%
1977As Aventuras do Ursinho Pooh
4%
1947Como é Bom se Divertir
4%

Distribuição das Pontuações

Percentil de Números Respondidos

Porcentagem de Pessoas com Cada Pontuação

Sua Pontuação Histórica

Você não jogou esse quiz desde o último reset